000 00374nam a2200157Ia 4500
008 221030s9999 xx 000 0 und d
020 _a817884075X
041 _aEnglish
082 _a105.23
_bJai
100 _aV. K. Jain
245 0 _aJAVA Object Oriented Programming
260 _bCyber Tech Pub
_aNew Delhi
_c2002
300 _a844
650 _aComputers
942 _cBK
999 _c1897
_d1897